Normal view
MARC view
Entry Personal Name
001 - CONTROL NUMBER
- control field: 41770
003 - CONTROL NUMBER IDENTIFIER
- control field: ARRUPE
005 - DATE AND TIME OF LATEST TRANSACTION
- control field: 20180712092212.0
008 - FIXED-LENGTH DATA ELEMENTS
- fixed length control field: 180712|| aca||aabn | a|a d
040 ## - CATALOGING SOURCE
- Original cataloging agency: ARRUPE
- Transcribing agency: ARRUPE
100 ## - HEADING--PERSONAL NAME
- Personal name: Geoffrey,
- Titles and other words associated with a name: of Vinsauf,
- Dates associated with a name: active 1200.
670 ## - SOURCE DATA FOUND
- Source citation: Work cat.: (ARRUPE)0: Geoffrey, of Vinsauf, active 1200., Poetria nova of Geoffrey of Vinsauf /, 1967.